Statistiques concernant La plage

Cliquez ici pour prendre le quiz!

Statistiques générales

  • Ce quiz a été pris 72 fois
  • Le résultat moyen est 9 sur 20

Statistiques - réponses

Réponse% Correct
serviette
97%
bikini/maillot
88%
crème solaire/lotion solaire
86%
parasol
86%
sandale/tong/babouche
61%
lunettes de soleil
59%
chapeau/casquette
56%
pelle
56%
eau
55%
seau/chaudière
52%
ballon
50%
bouée
47%
nourriture
41%
glacière
21%
chaise/chaise longue
20%
flotteur
3%
frisbee
3%
lunettes de piscine
3%
veste de flottaison/gilet de sauvetage
3%
crème à bronzer/lotion à bronzer
2%

Distribution des résultats

Percentile par nombre de réponses

% des personnes avec chaque résultat

Votre développement - résultats

Vous n’avez pas pris ce quiz